Embedded systems: (Record no. 16328)

MARC details
000 -LEADER
fixed length control field 01031nam a22002775a 4500
005 - DATE AND TIME OF LATEST TRANSACTION
control field 20180725163845.0
008 - FIXED-LENGTH DATA ELEMENTS--GENERAL INFORMATION
fixed length control field 071108s2008 cau 000 0 eng
010 ## - LCCN (DPL NO)
LC control number ENG-91199 B-418598
020 ## - INTERNATIONAL STANDARD BOOK NUMBER
International Standard Book Number 9780070667648
Terms of availability 325.00 395.00
020 ## - INTERNATIONAL STANDARD BOOK NUMBER
International Standard Book Number 0070667640
035 ## - SYSTEM CONTROL NUMBER
System control number EN-74732 b-418598 , B-107659
037 ## - SOURCE OF ACQUISITION
Source of stock number/acquisition DBAD / PUB
037 ## - SOURCE OF ACQUISITION
Source of stock number/acquisition RP/CL/E;29/109/22-07-10/27-07-10
040 ## - CATALOGING SOURCE
Original cataloging agency dpl
Language of cataloging English
082 ## - DEWEY DECIMAL CLASSIFICATION NUMBER
Classification number 004.21
100 ## - MAIN ENTRY--PERSONAL NAME
Personal name Raj Kamal
9 (RLIN) 2198
245 ## - TITLE STATEMENT
Title Embedded systems:
Statement of responsibility, etc by Raj Kamal
Remainder of title architecture, programming and design /
250 ## - EDITION STATEMENT
Edition statement 2nd ed
260 ## - PUBLICATION, DISTRIBUTION, ETC. (IMPRINT)
Place of publication, distribution, etc New Delhi
Name of publisher, distributor, etc Tata McGraw-Hill Publishing
Date of publication, distribution, etc 2008.
300 ## - PHYSICAL DESCRIPTION
Extent xxii, 681p.
Dimensions 26cm (pbk)
500 ## - GENERAL NOTE
General note Includes bibliographical references and index
650 ## - SUBJECT ADDED ENTRY--TOPICAL TERM
Topical term or geographic name as entry element Embedded computer systems
General subdivision Design and construction.
9 (RLIN) 2199
650 ## - SUBJECT ADDED ENTRY--TOPICAL TERM
Topical term or geographic name as entry element Embedded computer systems
General subdivision Programming.
9 (RLIN) 2200
942 ## - ADDED ENTRY ELEMENTS (KOHA)
Source of classification or shelving scheme Dewey Decimal Classification
Item type English Books
Call number suffix RAJ
Classification part 004.21
Holdings
Withdrawn status Lost status Source of classification or shelving scheme Damaged status Not for loan Collection code Home library Current library Date acquired Source of acquisition Cost, normal purchase price Total Checkouts Full call number Barcode Date last seen Copy number Cost, replacement price Koha item type Total Renewals
  Written-off vide DLB M. No. 383 dt 16.05.19 Dewey Decimal Classification       Central Library Central Library 28/07/2010 RP/CL 395.00   004.21 RAJ B-418598 28/07/2010   395.00 English Books  
    Dewey Decimal Classification   Not For Loan Non-fiction D.B.Act.Division D.B.Act.Division 07/10/2008 DBAD / PUB 325.00   004.21 RAJ EN-74732 07/10/2008 1 325.00 English Books  
    Dewey Decimal Classification     Non-fiction Patel Nagar Patel Nagar 25/07/2018 BPPD/Pub 395.00 4 004.21 RAJ B-107659 27/09/2019   395.00 English Books 1
    Dewey Decimal Classification     Non-fiction Yojana Vihar Yojana Vihar 26/10/2018 BPPD/PUB 395.00   004.21 RAJ B-107668 26/10/2018   395.00 English Books  

© Delhi Public Library
Hit Counter
free hit counter